<?xml version="1.0" encoding="UTF-8"?>
<record
    xmlns:xsi="http://www.w3.org/2001/XMLSchema-instance"
    xsi:schemaLocation="http://www.loc.gov/MARC21/slim http://www.loc.gov/standards/marcxml/schema/MARC21slim.xsd"
    xmlns="http://www.loc.gov/MARC21/slim">

  <leader>00705nam a2200217Ia 4500</leader>
  <datafield tag="999" ind1=" " ind2=" ">
    <subfield code="c">36054</subfield>
    <subfield code="d">36054</subfield>
  </datafield>
  <controlfield tag="001">1954</controlfield>
  <controlfield tag="003">GE_BSU</controlfield>
  <controlfield tag="005">20190424150622.0</controlfield>
  <controlfield tag="008">181216s2007||||ru |||||||||||||| ||rus||</controlfield>
  <datafield tag="020" ind1=" " ind2=" ">
    <subfield code="a">5699189912</subfield>
  </datafield>
  <datafield tag="040" ind1=" " ind2=" ">
    <subfield code="c">GE_BSU</subfield>
  </datafield>
  <datafield tag="041" ind1=" " ind2=" ">
    <subfield code="a">rus</subfield>
  </datafield>
  <datafield tag="080" ind1=" " ind2=" ">
    <subfield code="a">375.1(035)  &#x413;-61</subfield>
  </datafield>
  <datafield tag="100" ind1=" " ind2=" ">
    <subfield code="a">&#x413;&#x43E;&#x43B;&#x43E;&#x432;&#x438;&#x441;&#x442;&#x438;&#x43A;&#x43E;&#x432;&#x430;, &#x410;&#x43D;&#x430;&#x441;&#x442;&#x430;&#x441;&#x438;&#x44F; &#x41D;&#x438;&#x43A;&#x43E;&#x43B;&#x430;&#x435;&#x432;&#x43D;&#x430;.</subfield>
    <subfield code="9">469</subfield>
  </datafield>
  <datafield tag="245" ind1=" " ind2=" ">
    <subfield code="a">&#x413;&#x440;&#x430;&#x436;&#x434;&#x430;&#x43D;&#x441;&#x442;&#x432;&#x43E; :</subfield>
    <subfield code="b">&#x421;&#x43F;&#x440;&#x430;&#x432;&#x43E;&#x447;&#x43D;&#x438;&#x43A; &#x43F;&#x43E; &#x43F;&#x440;&#x430;&#x432;&#x43E;&#x432;&#x44B;&#x43C; &#x432;&#x43E;&#x43F;&#x440;&#x43E;&#x441;&#x430;&#x43C; /</subfield>
    <subfield code="c">&#x410;. &#x41D;. &#x413;&#x43E;&#x43B;&#x43E;&#x432;&#x438;&#x441;&#x442;&#x438;&#x43A;&#x43E;&#x432;&#x430;.</subfield>
  </datafield>
  <datafield tag="264" ind1=" " ind2=" ">
    <subfield code="a">&#x41C;&#x43E;&#x441;&#x43A;&#x432;&#x430; :</subfield>
    <subfield code="b">&#x42D;&#x43A;&#x441;&#x43C;&#x43E;,</subfield>
    <subfield code="c">2007.</subfield>
  </datafield>
  <datafield tag="300" ind1=" " ind2=" ">
    <subfield code="a">544 &#x441;&#x442;&#x440;.</subfield>
  </datafield>
  <datafield tag="653" ind1=" " ind2=" ">
    <subfield code="a">&#x10E1;&#x10D0;&#x10DB;&#x10D0;&#x10E0;&#x10D7;&#x10D0;&#x10DA;&#x10D8;</subfield>
  </datafield>
  <datafield tag="653" ind1=" " ind2=" ">
    <subfield code="a">&#x10DB;&#x10DD;&#x10E5;&#x10D0;&#x10DA;&#x10D0;&#x10E5;&#x10D4;&#x10DD;&#x10D1;&#x10D0;</subfield>
  </datafield>
  <datafield tag="942" ind1=" " ind2=" ">
    <subfield code="c">BK</subfield>
    <subfield code="2">udc</subfield>
  </datafield>
  <datafield tag="952" ind1=" " ind2=" ">
    <subfield code="0">0</subfield>
    <subfield code="1">0</subfield>
    <subfield code="2">udc</subfield>
    <subfield code="4">0</subfield>
    <subfield code="6">3751035</subfield>
    <subfield code="7">0</subfield>
    <subfield code="9">34780</subfield>
    <subfield code="a">CPL</subfield>
    <subfield code="b">CPL</subfield>
    <subfield code="c">GEN</subfield>
    <subfield code="d">2018-12-17</subfield>
    <subfield code="g">15.00</subfield>
    <subfield code="o">375.1(035)</subfield>
    <subfield code="p">3854</subfield>
    <subfield code="r">2018-12-17</subfield>
    <subfield code="w">2018-12-17</subfield>
    <subfield code="y">BK</subfield>
    <subfield code="z">15 &#x10DA;.</subfield>
  </datafield>
</record>
